Каталог мировой коллекции ВИР. Вып. 763: Aegilops tauschii Coss (Запись № 1587348)

Подробности
000 -МАРКЕР
контрольное поле 01661nam2a2200313 4500
001 - ИДЕНТИФИКАТОР ЗАПИСИ
контрольное поле RU\NLR\bibl\880395
005 - ИДЕНТИФИКАТОР ВЕРСИИ
контрольное поле 20250614164708.0
021 ## - НОМЕР ГОСУДАРСТВЕННОЙ РЕГИСТРАЦИИ
Код страны российская федерация
Номер 2005-50313
Номер Листа государственной регистраци 2450
035 ## - ДРУГИЕ СИСТЕМНЫЕ НОМЕРА
Идентификатор записи (NLR Aleph) 000868965
100 ## - ДАННЫЕ ОБЩЕЙ ОБРАБОТКИ
Данные общей обработки 20051128d2004 |||y0rusy50 ca
101 0# - ЯЗЫК РЕСУРСА
Язык текста, звукозаписи и т.д. русский
102 ## - СТРАНА ПУБЛИКАЦИИ ИЛИ ПРОИЗВОДСТВА
Страна публикации российская федерация
105 ## - ПОЛЕ КОДИРОВАННЫХ ДАННЫХ: ТЕКСТОВЫЕ МАТЕРИАЛЫ, МОНОГРАФИЧЕСКИЕ
Кодированные данные о монографическом текстовом документе y |||||||||
200 1# - ЗАГЛАВИЕ И СВЕДЕНИЯ ОБ ОТВЕТСТВЕННОСТИ
Основное заглавие Aegilops tauschii Coss
Сведения, относящиеся к заглавию характеристика образцов по ювенильной устойчивости к листовым болезням
Первые сведения об ответственности [сост.: к.б.н. Л.Г. Тарышкин и др.]
210 ## - ПУБЛИКАЦИЯ, РАСПРОСТРАНЕНИЕ И ДР.
Дата издания, распространения и т.д. 2004
Место издания, распространения и т.д. Б. м.
215 ## - ФИЗИЧЕСКАЯ ХАРАКТЕРИСТИКА
Специфическое обозначение материала и объем 15, [1] с.
320 ## - ПРИМЕЧАНИЯ О НАЛИЧИИ В ДОКУМЕНТЕ БИБЛИОГРАФИИ / УКАЗАТЕЛЯ
Текст примечания Библиогр.: с. 15 (8 назв.)
461 #0 - УРОВЕНЬ НАБОРА
Встроенное поле 001RU\NLR\bibl\166215
-- 2001#$aКаталог мировой коллекции ВИР$vВып. 763
Системный номер (АБИС) связанной записи 938135
Автор Всероссийский НИИ растениеводства им. Н. И. Вавилова (Санкт-Петербург)
Место публикации СПб.
Дата публикации 2000
Первые сведения об ответственности Рос. акад. с.-х. наук, Гос. науч. центр Рос. Федерации, ВНИИ растениеводства им. Н.И. Вавилова (ВИР)
Имя издателя, распространителя и т.д. ВИР
Заглавие Каталог мировой коллекции ВИР
Номер тома Вып. 763
606 1# - НАИМЕНОВАНИЕ ТЕМЫ КАК ПРЕДМЕТ
Наименование темы Эгилопс
Формальный подзаголовок Каталоги
Тематический подзаголовок Коллекции
Системный номер авторитетной/нормативной записи 2408174
Идентификатор авторитетной/нормативной записи RU\NLR\auth\661435040
606 1# - НАИМЕНОВАНИЕ ТЕМЫ КАК ПРЕДМЕТ
Наименование темы Эгилопс
Тематический подзаголовок Устойчивость к болезням листьев
Системный номер авторитетной/нормативной записи 2408612
Идентификатор авторитетной/нормативной записи RU\NLR\auth\661435263
686 ## - ИНДЕКСЫ ДРУГИХ КЛАССИФИКАЦИЙ
Индекс П212.1-314.8я26
686 ## - ИНДЕКСЫ ДРУГИХ КЛАССИФИКАЦИЙ
Индекс П491.127-129я26
702 #1 - ИМЯ ЛИЦА - ВТОРИЧНАЯ ОТВЕТСТВЕННОСТЬ
Начальный элемент ввода Тарышкин
Часть имени, кроме начального элемента ввода Л. Г.
Код отношения Составитель
801 #0 - ИСТОЧНИК ЗАПИСИ
Страна российская федерация
Организация NLR
Дата составления 20051128
Правила каталогизации rcr
801 #1 - ИСТОЧНИК ЗАПИСИ
Страна российская федерация
Организация NLR
Дата составления 20051128
942 ## - ДОПОЛНИТЕЛЬНЫЕ ЭЛЕМЕНТЫ ЗАПИСИ (АБИС)
Тип экземпляра АБИС Книга
980 ## - КОЛЛЕКЦИЯ
Название коллекции Национальная библиография
Экземпляры
Тип экземпляра Дата поступления Источник поступления Библиотека постоянного хранения Библиотека текущего хранения Место хранения Шифр хранения Штрих-код Статус не для выдачи
Книга 28.11.2005 Обязательный экземпляр РНБ (Московский) РНБ (Московский) Русский книжный фонд: издания с 1957 года, 3этаж Хран 62-4/1144 2063295  
Книга 28.11.2005 Обязательный экземпляр РНБ (Московский) РНБ (Московский) Обменный фонд   2063296